| 000 | 00702nam a2200193Ia 4500 | ||
|---|---|---|---|
| 005 | 20260114185536.0 | ||
| 008 | 008 260114s9999 xx 000 0 eng d | ||
| 020 | _a9781350139275 | ||
| 037 | _aEBOOK | ||
| 040 |
_aCRL _beng _cCRL |
||
| 041 |
_aeng _2eng |
||
| 084 | _qCRL | ||
| 100 |
_aJuliet Thondhlana, Evelyn Chiyevo Garwe, Hans de Wit, Jocelyne Gacel-Ávila, Futao Huang and Wondwosen Tamrat _9871352 |
||
| 245 | 4 | _aThe Bloomsbury Handbook of The Internationalization of Higher Education in The Global South | |
| 260 |
_bBloomsbury _c2021 |
||
| 856 | _uhttps://doi.org/10.5040/9781350139275?locatt=label:secondary_bloomsburyCollections | ||
| 942 | _cEBOOK | ||
| 999 |
_c1470300 _d1470300 |
||